Statistics for Minecraft neutral mobs

Click here to take the quiz!

General Stats

  • This quiz has been taken 20 times
    (8 since last reset)
  • The average score is 7 of 12

Answer Stats

Answer% Correct
Enderman
100%
Dolphin
71%
Polar Bear
71%
Spider
71%
Wolf
71%
Bee
57%
Llama
57%
Panda
57%
Piglin
57%
Zombified Piglin
57%
Cave Spider
43%
Piglin Brute
29%

Score Distribution

Percentile by Number Answered

Percent of People with Each Score

Your Score History

You have not taken this quiz since the last reset